000 00756nam a2200253Ia 4500
003 OSt
005 20220925181918.0
006 a|||||r|||| 00| 0
007 ta
008 220923b |||||||| |||| 00| 0 eng d
020 _a0226065936
037 _cGeneral Book
040 _aRTL
_cRTL
_beng
041 _2eng
_aeng
082 _aXjN15S, M9
100 _aBordo Michael D Ed.
_914877
245 0 _aMoney, history and international finance
_b Essays i
260 _aChicago
_bUniversity of Chicago Press
_c1989
300 _a272p
_ccm.
490 _aNational Bureau of Economic Research Conference Report
500 _aAppendix p251-258
942 _hXjN15S, M9
_cGB
_2CC
999 _c500739
_d500739